[Event "Memorial Jose Marca Castaneda (open)"]
[Site "Lima (Peru)"]
[Date "2007.03.21"]
[Round "3"]
[White "Suasnabar Jesus (PER)"]
[Black "Pacheco Marco (PER)"]
[Result "1-0"]
[WhiteElo "2074"]
[BlackElo "2410"]

1.d4 d6 2.Nf3 Nf6 3.c4 Bg4 4.Qb3 b6 5.Bf4 Nbd7 6.Nbd2 Nh5 7.Bg5 f6 8.Bh4 e5
9.h3 Be6 10.e3 c5 11.g4 g5 12.gxh5 gxh4 13.d5 Bf7 14.Nxh4 Bxh5 15.Ne4 Qc7
16.Qb5 O-O-O 17.Ng3 Bg6 18.Nhf5 h5 19.h4 Nb8 20.Bh3 Kb7 21.Rg1 Be8 22.Qb3 Rg8
23.O-O-O Ka8 24.Ne4 Rxg1 25.Rxg1 Qf7 26.Qd1 Na6 27.Qf3 Nb4 28.a3 Nxd5 29.cxd5
Qxd5 30.Rd1 Qc4+ 31.Nc3+ d5 32.Rxd5 Rxd5 33.Qxd5+ Qxd5 34.Nxd5 Kb7 35.Nxf6 Bf7
36.Nd7 {#r} 1-0

[Event "Tournament (open) \"]
[Site "Copenhagen (Denmark)"]
[Date "2007.03.27"]
[Round "2"]
[White "Hou Mads (DEN)"]
[Black "Jorgensen Orla Eilegaard (DEN)"]
[Result "1/2-1/2"]
[WhiteElo "1806"]
[BlackElo "1727"]

1.d4 Nf6 2.c4 d6 3.Nf3 Bg4 4.h3 Bxf3 5.exf3 g6 6.Nc3 Bg7 7.Be3 Nbd7 8.b4 O-O
9.f4 e6 10.Be2 Re8 11.Qd2 a6 12.g4 d5 13.g5 Ne4 14.Nxe4 dxe4 15.c5 c6 16.a4
Qc7 17.Qc2 f5 18.Rd1 b6 19.Kf1 bxc5 20.bxc5 Kf7 21.Kg2 h6 22.h4 h5 23.Bc4 a5
24.Rd2 Rab8 25.Rb1 Rxb1 26.Qxb1 Rb8 27.Rb2 Rxb2 28.Qxb2 Nxc5 29.Qa2 Nd3
30.Bxe6+ Ke7 31.Bg8 Nxf4+ 32.Bxf4 Qxf4 33.Qf7+ Kd8 34.Qxg7 Qf3+ 35.Kg1 Qg4+
{#d} 1/2-1/2

[Event "Tournament (team)"]
[Site "Nis (Yugoslavia)"]
[Date "2007.04.24"]
[Round "6"]
[White "Vulicevic Branimir (SRB)"]
[Black "Jovic Stanoje (SRB)"]
[Result "1/2-1/2"]
[WhiteElo "2169"]
[BlackElo "2295"]

1.d4 Nf6 2.Nf3 d6 3.c4 Bg4 4.Qb3 Qc8 5.Nc3 Nbd7 6.e3 e5 7.Be2 Be7 8.O-O O-O
9.Re1 Re8 10.Qc2 Bf8 11.dxe5 dxe5 12.b3 Nc5 13.Bb2 Bf5 14.Qc1 Bd3 15.Nd5 Nfd7
16.Qc3 {#d} 1/2-1/2

[Event "It (cat.9)"]
[Site "Madrid (Spain)"]
[Date "2007.04.25"]
[Round "9"]
[White "Vazquez Renier (ESP)"]
[Black "Borges Mateos Juan (CUB)"]
[Result "1-0"]
[WhiteElo "2553"]
[BlackElo "2448"]

1.Nf3 Nf6 2.c4 d6 3.d4 Bg4 4.Qb3 Bxf3 5.gxf3 Qc8 6.f4 e6 7.Nd2 c5 8.d5 exd5
9.cxd5 Nbd7 10.Nc4 Qc7 11.Bg2 Be7 12.e4 O-O 13.O-O Rfe8 14.Bd2 Bf8 15.Rfe1
Rab8 16.a4 a6 17.a5 b5 18.axb6 Nxb6 19.Ba5 Nxc4 20.Qxc4 Qc8 21.e5 Nd7 22.e6
Nf6 23.Bc3 {#r} 1-0

[Event "Ch Russia (club) (hl)"]
[Site "Sochi (Russia)"]
[Date "2007.05.05"]
[Round "3"]
[White "Poluljahov Aleksandr (RUS)"]
[Black "Yatsenko Alexey (RUS)"]
[Result "1-0"]
[WhiteElo "2505"]
[BlackElo "2442"]

1.d4 d6 2.Nf3 Nf6 3.c4 Bg4 4.e3 Nbd7 5.Be2 e5 6.Nc3 c6 7.O-O Be7 8.e4 O-O
9.Be3 Re8 10.d5 Rc8 11.Nd2 Bxe2 12.Qxe2 a6 13.Rfc1 g6 14.b4 Nh5 15.Nb3 c5
16.bxc5 dxc5 17.g3 Bd6 18.a4 Kg7 19.a5 Rf8 20.Rcb1 f6 21.Nc1 Rc7 22.Nd3 Qe8
23.Ra3 f5 24.Rab3 f4 25.Bd2 Qc8 26.Qg4 Kh8 27.Re1 Rf6 28.gxf4 Qf8 29.Kh1 Rf7
30.f5 Nhf6 31.Qh4 gxf5 32.exf5 Be7 33.Qh3 Qc8 34.Nxe5 Nxe5 35.Rxe5 Bf8 36.Re6
Bg7 37.Ne2 Qd7 38.Rg3 Nxd5 39.cxd5 Qxd5+ 40.Qg2 Qxd2 {#r} 1-0

[Event "Ch India (b)"]
[Site "Dindigul (India)"]
[Date "2007.06.13"]
[Round "4"]
[White "Sundararajan Kidambi (IND)"]
[Black "Koshy Varugeese (IND)"]
[Result "1-0"]
[WhiteElo "2442"]
[BlackElo "2270"]

1.d4 d6 2.Nf3 Nf6 3.c4 Bg4 4.g3 Bxf3 5.exf3 c6 6.d5 g6 7.Nc3 Bg7 8.Bh3 O-O
9.O-O Nbd7 10.Re1 Re8 11.Be3 Qc7 12.f4 e6 13.dxe6 fxe6 14.Qd2 Nf8 15.Rad1 Rad8
16.Qc2 b6 17.b4 d5 18.Bd4 Nh5 19.Ne2 Qf7 20.Bxg7 Nxg7 21.Nd4 Rc8 22.Nf3 dxc4
23.Ng5 Qe7 24.Qxc4 c5 25.b5 Rcd8 26.Rxd8 Qxd8 27.Qb3 Qe7 28.Nf3 Rd8 29.Ne5 Rd6
30.Qa3 Qc7 31.Nc6 Rd7 32.Qc3 Nf5 33.Ne5 Rd6 34.Bxf5 gxf5 35.Nf3 Qg7 36.Qb3 Qd7
37.Ne5 Qe8 38.Nc6 a5 39.Ne5 Qd8 40.Qf3 {#r} 1-0

[Event "Ch India (b)"]
[Site "Dindigul (India)"]
[Date "2007.06.13"]
[Round "4"]
[White "Thejkumar M S (IND)"]
[Black "Praveen Prasad P (IND)"]
[Result "1-0"]
[WhiteElo "2355"]
[BlackElo "2214"]

1.d4 Nf6 2.Nf3 d6 3.c4 Bg4 4.Nc3 Nc6 5.g3 e5 6.d5 Bxf3 7.exf3 Ne7 8.h4 c5
9.Bh3 Nd7 10.Bg5 h6 11.Be3 Nc8 12.Qd2 Be7 13.Bf5 Ncb6 14.b3 g6 15.Bc2 h5
16.Ne4 Nf6 17.Ng5 a5 18.Qd3 O-O 19.g4 hxg4 20.h5 e4 21.Nxe4 Nbd7 22.fxg4 Nxg4
23.hxg6 f5 24.g7 Kxg7 25.Ng3 Nxe3 26.Nh5+ Kf7 27.Qxe3 Rh8 28.Bxf5 Nf6 29.Qe6+
Kf8 30.Bg6 {#r} 1-0

[Event "Ch Switzerland (team) 2007"]
[Site "Switzerland"]
[Date "2007.06.24"]
[Round "5"]
[White "Klauser Markus (SUI)"]
[Black "Hug Werner (SUI)"]
[Result "1/2-1/2"]
[WhiteElo "2384"]
[BlackElo "2439"]

1.d4 Nf6 2.Nf3 d6 3.c4 Bg4 4.g3 Bxf3 5.exf3 e6 6.Nc3 Be7 7.g4 c6 8.g5 Nfd7
9.f4 d5 10.h4 dxc4 11.Bxc4 Nb6 12.Bb3 Na6 13.Be3 Nb4 {#d} 1/2-1/2

[Event "It \"]
[Site "Ottawa (Canada)"]
[Date "2007.07.07"]
[Round "1"]
[White "Gerzhoy Leonid (CAN)"]
[Black "Dougherty Michael (CAN)"]
[Result "1-0"]
[WhiteElo "2407"]
[BlackElo "2192"]

1.Nf3 d6 2.d4 Bg4 3.c4 Nf6 4.Nc3 Bxf3 5.exf3 Nbd7 6.f4 e6 7.g4 g6 8.Bg2 c6
9.O-O Be7 10.g5 Nh5 11.d5 cxd5 12.cxd5 e5 13.fxe5 Nxe5 14.Ne4 h6 15.f4 Qb6+
16.Kh1 Nd7 17.Qe2 hxg5 18.fxg5 Ne5 19.Be3 Qb4 20.a3 Qb3 21.Rac1 Kf8 22.Qd2 Kg7
23.Rc3 Qa4 24.Bd4 Rad8 25.Rc7 Rd7 26.Bxe5+ dxe5 27.Qc3 Bd6 28.Nxd6 Rxc7
29.Nf5+ gxf5 30.Qxe5+ Kg8 31.Qxc7 f4 32.Qc8+ Kg7 33.Qc3+ Kg8 34.Re1 Qb5 35.Bf3
Qd7 36.Kg1 Ng7 37.Qe5 Rh4 38.Qb8+ Kh7 39.Be4+ Nf5 40.Qe8 {#r} 1-0

[Event "It (open) \"]
[Site "Berdsk (Russia)"]
[Date "2007.07.08"]
[Round "1"]
[White "Dzhumagaliev Yan (RUS)"]
[Black "Zubarev Alexander (UKR)"]
[Result "1-0"]
[WhiteElo "2252"]
[BlackElo "2515"]

1.d4 Nf6 2.Nf3 d6 3.c4 Bg4 4.Qb3 Bxf3 5.Qxf3 Nc6 6.Qd3 e5 7.d5 Nb8 8.Nc3 Nbd7
9.e4 Be7 10.Be2 O-O 11.Be3 c6 12.O-O Qc7 13.Rfd1 Rfd8 14.dxc6 bxc6 15.b4 a6
16.a4 Nf8 17.a5 N6d7 18.b5 Nc5 19.b6 Qb7 20.Qc2 Nfe6 21.Rab1 Bf6 22.Bf1 Nd4
23.Qa2 g6 24.f3 Nce6 25.Qf2 c5 26.Nd5 Bg5 27.Bxg5 Nxg5 28.Rxd4 exd4 29.Qh4 h6
30.Qxh6 Nh7 31.f4 f6 32.Qxg6+ Qg7 33.Qf5 Rab8 34.Rb3 Kh8 35.Rh3 Rf8 36.Bd3 Rg8
37.g3 Rb7 38.Nxf6 Rf8 39.Nxh7 Rxf5 40.Nf6+ Qh7 41.Nxh7 Rff7 42.Ng5+ {#r} 1-0

[Event "Ch Puerto Rico"]
[Site "Puerto Rico"]
[Date "2007.07.29"]
[Round "11"]
[White "Tanco-Correa Daniel (PUR)"]
[Black "Santa Torres Juan (PUR)"]
[Result "1/2-1/2"]
[WhiteElo "2091"]
[BlackElo "2224"]

1.Nf3 d6 2.d4 Nf6 3.c4 Bg4 4.Nc3 g6 5.g3 Bxf3 6.exf3 Bg7 7.Bg2 O-O 8.O-O c6
9.f4 e6 10.b3 d5 11.Bb2 Nbd7 12.Qe2 Qa5 13.Rfd1 Rfd8 14.Rac1 Qa6 15.c5 Qxe2
16.Nxe2 a5 17.a3 Ne4 18.Rc2 Nef6 19.Nc1 Ne8 20.Nd3 Nc7 21.Ne5 Nf8 22.Kf1 Nd7
23.Nf3 Nf6 24.Ne5 Nd7 25.Nf3 Nb8 26.Ne5 Nd7 27.Nf3 {#d} 1/2-1/2

[Event "It (open) \"]
[Site "Berlin (Germany)"]
[Date "2007.08.19"]
[Round "2"]
[White "Zschaebitz Klaus (GER)"]
[Black "Prinz Bernhard Dr (GER)"]
[Result "1-0"]
[WhiteElo "2101"]
[BlackElo "2218"]

1.Nf3 Nf6 2.d4 d6 3.c4 Bg4 4.Qb3 b6 5.h3 Bh5 6.Nbd2 Nbd7 7.e3 e5 8.Be2 Be7
9.Qc3 e4 10.Ng1 Bg6 11.Bd1 d5 12.Ne2 a5 13.Ba4 Bb4 14.Qc2 c5 15.dxc5 Rc8 16.c6
O-O 17.cxd7 Rxc4 18.Qd1 Qb8 19.a3 Bxd2+ 20.Bxd2 Rc5 21.b4 Rc4 22.bxa5 bxa5
23.Bxa5 Qa8 24.Bb4 Rb8 25.Nd4 Rxd4 26.exd4 e3 27.fxe3 Qa6 28.Rc1 Bf5 29.Rf1
Bd3 30.Rc6 Qa8 31.Rfxf6 gxf6 32.Rc8+ Rxc8 33.Qg4+ Bg6 34.dxc8=Q+ {#r} 1-0

[Event "Cup Independence (open)"]
[Site "Kishinev (Moldova)"]
[Date "2007.08.19"]
[Round "1"]
[White "Naidich Vasily (MDA)"]
[Black "Bulmaga Elena (MDA)"]
[Result "1-0"]
[WhiteElo "2055"]
[BlackElo "1703"]

1.Nf3 d6 2.d4 Nf6 3.c4 Bg4 4.Nc3 Nbd7 5.e4 e5 6.d5 Be7 7.Be2 O-O 8.Nd2 Bxe2
9.Qxe2 Nc5 10.b4 Ncd7 11.Nb3 c6 12.dxc6 bxc6 13.a3 Nb6 14.c5 dxc5 15.bxc5 Nbd7
16.Qc4 Re8 17.O-O Nf8 18.f3 Ng6 19.Be3 Qc7 20.Rfd1 Rad8 21.Qa4 Nh5 22.g3 Nf6
23.Kg2 h5 24.Na5 Rc8 25.Rab1 Bd8 26.Nc4 Nh7 27.Nd6 Rf8 28.Nxc8 Qxc8 29.Qxa7
Qe6 30.Qd7 Qc4 31.Qd3 Qe6 32.Rb8 Be7 33.Rxf8+ Nhxf8 34.a4 h4 35.a5 hxg3
36.hxg3 Nh7 37.a6 Ng5 38.Bxg5 Bxg5 39.a7 Qc8 40.Qd7 Qa8 41.Na4 Nf8 42.Qc7 Ne6
43.Qb8+ Qxb8 44.axb8=Q+ {#r} 1-0

[Event "Memorial Bagirov"]
[Site "Uljanovsk (Russia)"]
[Date "2007.08.19"]
[Round "5"]
[White "Mizinov Igor (RUS)"]
[Black "Kovtun Sergei (UKR)"]
[Result "1-0"]
[WhiteElo "2246"]
[BlackElo "2267"]

1.d4 Nf6 2.c4 d6 3.Nf3 Bg4 4.e3 Nc6 5.Be2 e5 6.h3 Bd7 7.b3 exd4 8.exd4 Ne7
9.d5 Ng6 10.Qd4 Be7 11.Nc3 O-O 12.g4 Bc8 13.Bb2 Nd7 14.Qd2 Nde5 15.Nd4 Bg5
16.Qc2 Nf4 17.Bc1 Re8 18.Kf1 Nxe2 19.Ncxe2 Bxc1 20.Rxc1 Qh4 21.Kg2 g6 22.Ng3
f5 23.f4 Nf7 24.Nf3 Qf6 25.g5 Qg7 26.h4 h5 27.gxh6 Nxh6 28.Rce1 Bd7 29.Qd2 Ng4
30.h5 gxh5 31.Rxh5 {#r} 1-0

[Event "Ch France (w)"]
[Site "Aix les Bains (France)"]
[Date "2007.08.21"]
[Round "8"]
[White "Flear Christine (FRA)"]
[Black "Nicoara Malina (FRA)"]
[Result "1/2-1/2"]
[WhiteElo "2149"]
[BlackElo "2200"]

1.d4 Nf6 2.c4 d6 3.Nf3 Bg4 4.h3 Bxf3 5.exf3 e5 6.dxe5 dxe5 7.Qxd8+ Kxd8 8.Nc3
c6 9.f4 Bd6 10.fxe5 Bxe5 11.Be3 Nbd7 12.O-O-O Kc7 13.Be2 Rhe8 14.Rhe1 Rad8
15.Kc2 b6 16.Bf3 Bd6 17.a3 Ne5 18.Be2 Ng6 19.Bg5 h6 20.Bxf6 gxf6 21.g3 f5
22.f4 {#d} 1/2-1/2

[Event "Memorial Kesarovski - Georgiev (open)"]
[Site "Sunny Beach (Bulgaria)"]
[Date "2007.09.16"]
[Round "7"]
[White "Amerkeshev Madiyar (KAZ)"]
[Black "Borsuk Angela (ISR)"]
[Result "1/2-1/2"]
[WhiteElo "2157"]
[BlackElo "2298"]

1.d4 d6 2.Nf3 Nf6 3.c4 Bg4 4.Nc3 Nbd7 5.e4 e5 6.Be2 c6 7.O-O Be7 8.Be3 O-O
9.Rc1 Re8 10.d5 c5 11.Nd2 Bxe2 12.Qxe2 a6 13.a3 Bf8 14.b4 b6 15.Rb1 g6 16.Rb2
Bg7 17.Rfb1 Qc7 18.h3 Rec8 19.bxc5 dxc5 20.a4 Rab8 21.Kh1 Nf8 {#d} 1/2-1/2

[Event "It"]
[Site "Evpatoria (Ukraine)"]
[Date "2007.10.13"]
[Round "14"]
[White "Sevostianov Pavel (RUS)"]
[Black "Mikhaletz Lubomir (UKR)"]
[Result "0-1"]
[WhiteElo "2312"]
[BlackElo "2489"]

1.Nf3 d6 2.d4 Bg4 3.c4 Nf6 4.Nc3 Bxf3 5.gxf3 g6 6.Bg2 Bg7 7.f4 Nc6 8.d5 Nb8
9.Be3 O-O 10.Qc2 c6 11.f5 Ng4 12.Bd2 Qb6 13.O-O Nd7 14.dxc6 bxc6 15.Rab1 a5
16.b3 Nc5 17.h3 Ne5 18.Be3 Qc7 19.a3 Bf6 20.b4 axb4 21.axb4 Ncd7 22.b5 Ra3
23.Rb3 Rxb3 24.Qxb3 cxb5 25.cxb5 Qc4 26.Rb1 gxf5 27.Qa3 e6 28.Rb4 Qc8 29.Bd4
d5 30.Bxd5 exd5 31.Nxd5 Bd8 32.b6 Qb7 33.Qg3+ Kh8 34.Bxe5+ f6 35.Nxf6 Bxf6
36.Bxf6+ Nxf6 37.Qf3 Ne4 38.Rb5 Rg8+ 39.Kh2 Qg7 40.Rb1 Nd2 41.Qg3 Qxg3+
42.fxg3 Nxb1 {#R} 0-1

[Event "Ch City (1/2 final) (a)"]
[Site "Kolomna (Russia)"]
[Date "2007.11.01"]
[Round "7"]
[White "Gurov Vladimir (RUS)"]
[Black "Ezhov Aleksey (RUS)"]
[Result "1-0"]
[WhiteElo "1744"]
[BlackElo "1823"]

1.Nf3 Nf6 2.c4 d6 3.d4 Bg4 4.Nc3 Nbd7 5.g3 c6 6.Bg2 Qa5 7.O-O e6 8.Qb3 Nb6
9.e4 Be7 10.a3 O-O-O 11.Be3 Qh5 12.Nd2 h6 13.a4 Qa5 14.f3 Bh5 15.Qa3 Bg6 16.b4
Qh5 17.a5 Nbd7 18.a6 b6 19.Qa4 Kc7 20.g4 Qh4 21.c5 dxc5 22.dxc5 bxc5 23.bxc5
Nxc5 24.Qa5+ Kc8 25.Bxc5 Rd7 26.Bxe7 Rxe7 27.Rab1 {#r} 1-0

[Event "It (open)"]
[Site "Le Touquet (France)"]
[Date "2007.11.01"]
[Round "8"]
[White "Marzolo Cyril (FRA)"]
[Black "Le Roux Jean-Pierre (FRA)"]
[Result "0-1"]
[WhiteElo "2478"]
[BlackElo "2477"]

{ } 1.d4 Nf6 2.Nf3 d6 3.c4 Bg4 4.g3 { ? } 4...Bxf3 ( 4...c6 5.Bg2 g6 6.h3 Bg7
7.Nc3 Bf5 8.Nh4 Be6 9.d5 Bd7 10.O-O cxd5 11.cxd5 O-O 12.e4 b5 13.a3 a5 14.Be3
Na6 15.Qd2 Qb8 16.b4 Qc8 17.Rac1 Bxh3 18.Na4 Qb7 19.Bxh3 bxa4 20.b5 Nc5 21.f3
Nb3 22.Qe2 Nxc1 23.Rxc1 Nd7 24.Rc6 { ...0-1, Movsziszian Karen 2507 - Cicak
Slavko 2532 , La Pobla de Lillet 8.2006 It (open) } ) ( 4...Nbd7 5.Bg2 c6
6.Nc3 e5 7.O-O Be7 8.b3 O-O 9.e4 Re8 10.Be3 Bf8 11.Qc2 Qa5 12.h3 Bh5 13.Nh4 b5
14.cxb5 cxb5 15.Qd3 b4 16.Na4 d5 17.g4 dxe4 18.Bxe4 Nxe4 19.Qxe4 Bg6 20.Nxg6
hxg6 21.Nb2 exd4 22.Qxd4 Ne5 23.Kg2 Rad8 24.Qxa7 { ...0-1, Trofimova Olga 2245
- Khasin Alexander 2485 , Kemerovo 1995 It (b) } ) 5.exf3 g6 ( 5...c6 6.Bg2 d5
7.b3 g6 8.O-O Bg7 9.Bb2 O-O 10.Nd2 a5 11.f4 a4 12.Re1 e6 13.c5 Na6 14.Bc3 Nd7
15.b4 Nc7 16.Rc1 a3 17.Ba1 b6 18.Bf1 bxc5 19.bxc5 f6 20.Bd3 Qe7 21.Rb1 e5
22.Rb7 Qd8 23.Qc2 e4 24.Bf1 f5 25.Qb3 { ...1/2-1/2, Moiseenko Alexander 2501 -
Vorotnikov Vladislav V 2455 , Moscow 1999 Cup Russia (open) } ) ( 5...d5 6.Qb3
Nc6 7.Be3 Rb8 8.cxd5 Nxd5 9.Nc3 e6 10.Bc4 Na5 11.Qa4+ c6 12.Be2 Bb4 13.Qc2 O-O
14.O-O Bxc3 15.bxc3 b5 16.a4 b4 17.cxb4 Nxb4 18.Qc3 Nd5 19.Qc2 Nxe3 20.fxe3
Rb3 21.Kf2 e5 22.dxe5 Qb6 23.Qe4 Rb4 24.Qf5 g6 25.Qf6 { ...0-1, Sharma R
Preetham 2286 - Poobesh Anand S 2418 , Dindigul 14. 6.2007 Ch India (b) } )
6.Bg2 Bg7 7.f4 { N } ( 7.Nc3 c6 ( 7...O-O 8.O-O ( 8.Qb3 Nc6 9.Be3 Nd7 10.Rd1
Na5 11.Qa4 c6 12.Bf1 a6 13.c5 b5 14.cxb6 Qxb6 15.b4 Nb7 16.Bh3 e6 17.Qb3 a5
18.b5 a4 19.Qb4 Rfc8 20.O-O cxb5 21.Nxb5 d5 22.Rc1 Bf8 23.Qb1 Na5 24.Qd3 Rc4
25.Nc3 Qc6 26.Ne2 Rb8 { ...0-1, Tuominen Risto 2213 - Jouhki Yrjo Markus 2303
, Finland 2002 Ch Finland (team) 2002/03 } ) 8...c6 9.Re1 e6 10.d5 exd5
11.cxd5 c5 12.Qb3 Na6 13.Bf1 Rb8 14.Bd2 Nc7 15.a4 a6 16.a5 Nd7 17.Ne4 b5
18.Bf4 c4 19.Qa3 Ne5 20.Rad1 Re8 21.Kg2 b4 22.Qa2 c3 23.bxc3 bxc3 24.Nxc3 g5
25.Bxe5 Bxe5 26.Na4 Nb5 { ...1-0, Bjertrup Michael 2263 - Finegold Benjamin
2563 , London 1988 It "Lloyds Bank" } ) 8.f4 O-O 9.O-O Na6 10.d5 cxd5 11.Nxd5
Nc5 12.Ne3 Qd7 13.b4 Na4 14.Bd2 Rac8 15.Qb3 b5 16.Rac1 Nb6 17.cxb5 Qxb5
18.Rfe1 e6 19.Bf1 Qd7 20.Ba6 Rxc1 21.Rxc1 Ne4 22.Be1 d5 23.Ng4 f6 24.f3 Nd6
25.Bf2 h5 26.Ne3 f5 { ...1-0, Mikhalevski Victor 2598 - Ibragimov Ildar 2599 ,
Philadelphia 3. 6.2007 It "World Open" } ) ( 7.O-O O-O 8.f4 Nc6 9.d5 Na5
10.Qa4 c5 11.Bd2 b6 12.Bc3 Qe8 13.Qc2 Qd7 14.Nd2 Ne8 15.Rfe1 Bxc3 16.Qxc3 Ng7
17.h4 Rac8 18.Kh2 Rc7 19.Bh3 f5 20.Re2 Qe8 21.Rae1 Qf7 22.b3 Qf6 23.Qc1 a6
24.Nf3 h6 25.Re3 Nb7 26.Bf1 Nd8 { ...1-0, Nielsen Peter Heine 2485 -
Stojanovski Sandi 2212 , Copenhagen 1994 It (open) } ) 7...c6 8.d5 O-O 9.O-O
Nbd7 { N } ( 9...cxd5 10.cxd5 Nbd7 11.Nc3 Rc8 12.Be3 Nb6 13.Bh3 Nfd7 14.Bd4
Bxd4 15.Qxd4 Rc4 16.Qd3 Nf6 17.Rfe1 Re8 18.Re2 Qc7 19.Rae1 Kf8 20.f5 Kg7
21.fxg6 hxg6 22.Bg2 a6 23.Qd2 Rc5 24.Ne4 Nxe4 25.Bxe4 Nd7 26.Bg2 Nf6 27.Bf3
Qd7 28.Kg2 Rc7 29.h4 { ...1/2-1/2, Vucicevic Moma 2326 - Barlov Dragan 2485 ,
Belgrade 1988 } ) 10.Nc3 { N } 10...Rc8 ( 10...Qc7 11.Be3 a6 12.Rc1 Rac8
13.Re1 Rfe8 14.h4 Qb8 15.Bh3 Rc7 16.b3 cxd5 17.Nxd5 Rc6 18.f5 gxf5 19.Bxf5 e6
20.Nxf6+ Nxf6 21.Bh3 b5 22.Bg2 Rcc8 23.Qe2 bxc4 24.Rxc4 Qb5 25.Rec1 d5 26.a4
Qb7 27.Rxc8 Rxc8 28.Rxc8+ Qxc8 29.Bf1 a5 30.Qb5 { ...1-0, Vaulin Alexander
2490 - Trofimov Sergey 2412 , Kazan 1995 Ch Russia (club) } ) 11.Re1 ( 11.Be3
Qa5 12.Rc1 Nb6 13.dxc6 bxc6 14.b3 Rfd8 15.Re1 e6 16.Bd2 Qa6 17.Bf1 Qb7 18.Qf3
d5 19.cxd5 cxd5 20.Bd3 Nbd7 21.Na4 Rxc1 22.Rxc1 e5 23.Qe2 e4 24.Ba6 Qb8 25.Ba5
Nb6 26.Qb5 Nfd7 27.Qc6 Nf8 28.Nc5 Rd6 29.Qb5 h5 30.a4 Bd4 { ...1/2-1/2,
Sokolov Ivan 2670 - Hickl Joerg 2600 , Nussloch 1996 It (cat.15) } ) ( 11.Rb1
Re8 12.Be3 a6 13.h3 Qc7 14.g4 Nb6 15.Qe2 cxd5 16.cxd5 Nc4 17.Bd4 Nd7 18.Bxg7
Kxg7 19.Rbc1 Qa5 20.b3 Ncb6 21.Qb2 Kg8 22.a3 Nf6 23.Rfd1 Nbd7 24.Bf3 h6 25.b4
Qb6 26.Qe2 Nh7 27.Kg2 Qd8 28.h4 Nb6 29.g5 Rc4 30.Qd2 Qd7 { ...1/2-1/2, Gausel
Einar 2500 - Rausis Igors 2575 , Gausdal 1993 It } ) 11...Re8 ( 11...Nb6
12.Qe2 Re8 13.Be3 cxd5 14.cxd5 Rxc3 15.Bxb6 Qxb6 16.bxc3 Qc5 17.Rab1 b6 18.Qb5
Qxc3 19.Rbc1 Qd2 20.Qe2 Qa5 21.Rc7 Nxd5 22.Bxd5 Qxd5 23.Rxe7 Rxe7 24.Qxe7 Bc3
25.Rc1 Qd2 26.Qe3 Qxe3 27.fxe3 Bb4 28.Rc7 Bc5 29.Kf2 b5 30.g4 h6 31.h4 {
...1-0, Baburin Alexander 2570 - Short Philip M 2295 , Ireland 1997 It (open)
} ) ( 11...cxd5 { +0.37 CAP } ) 12.Be3 ( 12.Re3 Nb6 13.Qe2 Qd7 14.a4 a5 15.Qf1
Qd8 16.Ra2 cxd5 17.cxd5 Nc4 18.Rd3 Nd7 19.b3 Ncb6 20.Ne4 Nc5 21.Nxc5 dxc5
22.f5 gxf5 23.Bh3 Nxd5 24.Bxf5 e6 25.Be4 Bd4 26.Rad2 f5 27.Bxd5 Qxd5 28.Qh3
Rf8 29.Bb2 e5 30.Qh5 Rc7 31.Rd1 Qf7 { ...0-1, Schoene Ralf 2339 - Jaracz Pawel
2415 , Germany 1994 Oberliga Northeast 1994/95 } ) 12...Qa5 13.Rc1 { +0.72 CAP
N } ( 13.Rb1 c5 14.g4 a6 15.g5 Nh5 16.Bf3 Nb6 17.Be2 Bxc3 18.bxc3 Ng7 19.Bd3
Rb8 20.Bd2 e6 21.Qb3 Nd7 22.Re2 exd5 23.cxd5 Rxe2 24.Bxe2 b5 25.Qc2 Nb6 26.c4
b4 27.Bd3 Re8 28.f5 Nxf5 29.Bxf5 gxf5 30.Rb3 Qa4 31.Qxf5 Qxa2 32.Rf3 Qa1+ {
...0-1, Kobylkin Evgeni 2440 - Efimenko Zahar 2594 , Kharkov 27. 8.2004 Ch
Ukraine } ) 13...cxd5 14.cxd5 b5 15.a3 Nb6 16.b4 Qa6 17.Bf1 { ?! } ( 17.Qe2 {
!? } 17...Nc4 18.a4 bxa4 19.Nxa4 Qxa4 20.Rxc4 Rxc4 21.Qxc4 a5 22.Bd2 axb4
23.Bf3 Qd7 { } ) 17...Qxa3 18.Nxb5 Rxc1 19.Bxc1 Qxb4 20.Nxa7 Nfxd5 21.Nb5 Rc8
22.Bd2 Qb2 23.Ba5 Bf6 24.Qb1 Rc2 25.Qxb2 Rxb2 26.Rc1 Na4 27.h4 Nc5 28.Be1 Nb4
29.Rd1 h5 30.f5 { ?! } ( 30.Nc7 { !? } 30...Kf8 31.Nd5 Nxd5 32.Rxd5 Ne4 33.f5
Bc3 34.Bxc3 Nxc3 35.Rd3 Ne4 36.fxg6 fxg6 { } ) 30...gxf5 31.Nxd6 exd6 32.Rxd6
Be5 33.Rh6 Nbd3 34.Rxh5 Nxe1 35.Rxf5 f6 36.g4 Ne4 { } {#R} 0-1

[Event "Ch Croatia (team) (2nd league)"]
[Site "Croatia"]
[Date "2007.11.04"]
[Round "9"]
[White "Jukic Zeljko (CRO)"]
[Black "Vidovic Sasa (CRO)"]
[Result "1/2-1/2"]
[WhiteElo "2239"]
[BlackElo "2318"]

1.Nf3 d6 2.d4 Nf6 3.c4 Bg4 4.Nc3 Nbd7 5.Nd2 e5 6.d5 Be7 7.f3 Bh5 8.e4 O-O
9.Bd3 c6 10.Qe2 Bg6 11.Nb3 Ne8 12.O-O Bg5 13.Bxg5 Qxg5 14.Na5 Qd8 15.Nb3 c5
16.Nd2 a6 17.a3 Rc8 18.Rfb1 f5 19.exf5 Bxf5 20.Bxf5 Rxf5 21.Nde4 Ndf6 22.b4
cxb4 23.Rxb4 Nxe4 24.Nxe4 Rf7 25.Rab1 Rcc7 26.Qe3 h6 27.Qb3 Nf6 28.Ng3 Qc8
29.Qd3 Nd7 30.Qe3 Nc5 31.Rb6 Qd8 32.Nf1 Na4 33.R6b4 Nc5 34.Nd2 Rf4 35.Rb6 Rff7
36.R1b4 Qf8 37.h3 Qd8 {#d} 1/2-1/2

[Event "Ch World (juniors) (under 16)"]
[Site "Kemer (Turkey)"]
[Date "2007.11.28"]
[Round "11"]
[White "Jorczik Julian (GER)"]
[Black "Rosenthal Jonathan (SUI)"]
[Result "1/2-1/2"]
[WhiteElo "2362"]
[BlackElo "2204"]

1.d4 Nf6 2.Nf3 d6 3.c4 Bg4 4.g3 Bxf3 5.exf3 e6 6.Bg2 Be7 7.f4 c6 8.O-O d5 9.b3
O-O 10.Bb2 Nbd7 11.c5 b6 12.b4 a5 13.a3 Qb8 14.Qe2 g6 15.Bc3 Rc8 16.Nd2 Rc7
17.Nb3 a4 18.cxb6 Nxb6 19.Nc5 Nc4 20.Rfe1 Ne8 21.h4 Ned6 22.h5 Nb5 23.Qd3 Bf6
24.Bh3 Nxc3 25.Qxc3 Nd6 26.Qd3 Qb5 27.hxg6 hxg6 28.Qe3 Re7 29.Bf1 Qb8 30.Rad1
Bg7 31.Bd3 Rea7 32.Kg2 Qd8 33.Bc2 Nc4 34.Qc3 Qf6 35.Rh1 Nd6 36.Bxa4 Nb5
37.Bxb5 Rxa3 38.Ra1 Rxa1 39.Rxa1 Rxa1 40.Qxa1 cxb5 41.Qa5 Bf8 42.Qxb5 Kg7
43.Qb6 Qf5 {#d} 1/2-1/2

[Event "It (open)"]
[Site "Zurich (Switzerland)"]
[Date "2007.12.26"]
[Round "1"]
[White "Gantner Matthias (SUI)"]
[Black "Jung Niklaus (SUI)"]
[Result "1-0"]
[WhiteElo "2182"]
[BlackElo "2080"]

1.d4 Nf6 2.Nf3 d6 3.c4 Bg4 4.Qb3 Qc8 5.g3 Nc6 6.Nbd2 e5 7.d5 Ne7 8.Bg2 g6
9.O-O Bg7 10.c5 Nfxd5 11.Ng5 h6 12.Nxf7 Kxf7 13.cxd6 cxd6 14.e4 Nc6 15.Qxd5+
Qe6 16.f3 Bf5 17.Qc4 Qxc4 18.Nxc4 Bc8 19.Nxd6+ Ke7 20.Nb5 Bd7 21.b3 Rac8
22.Ba3+ Ke6 23.Bh3+ {#r} 1-0

[Event "It (open)"]
[Site "New Delhi (India)"]
[Date "2008.01.15"]
[Round "5"]
[White "Lalith Babu M R (IND)"]
[Black "Ankit R Rajpara (IND)"]
[Result "1-0"]
[WhiteElo "2387"]
[BlackElo "2200"]

1.Nf3 d6 2.d4 Bg4 3.c4 Nf6 4.Nc3 Nbd7 5.e4 e5 6.Be2 Be7 7.Be3 c6 8.O-O a6 9.d5
cxd5 10.cxd5 b5 11.Nd2 Bxe2 12.Qxe2 O-O 13.Rfc1 Nb6 14.a4 b4 15.Nd1 a5 16.Bxb6
Qxb6 17.Rc6 Qb7 18.Rac1 Rfc8 19.Ne3 g6 20.h3 Nd7 21.Qb5 Rcb8 22.Rc7 Qxb5
23.axb5 Rd8 24.b6 Bg5 25.b7 Rab8 26.Nb3 Bxe3 27.fxe3 a4 28.Na5 Nc5 29.Nc6 Kg7
30.Nxd8 Rxd8 31.R1xc5 {#r} 1-0

[Event "It (open) (b)"]
[Site "Moscow (Russia)"]
[Date "2008.02.03"]
[Round "2"]
[White "Zakharov Igor (RUS)"]
[Black "Radchenko Michail (RUS)"]
[Result "1/2-1/2"]
[WhiteElo "2194"]
[BlackElo "1936"]

1.d4 d6 2.Nf3 Bg4 3.c4 Nf6 4.Qb3 b6 5.g3 e6 6.Bg2 d5 7.Ne5 c6 8.Nc3 Bd6 9.Nxg4
Nxg4 10.e4 dxe4 11.Nxe4 Nf6 12.O-O Nxe4 13.Bxe4 Qc7 14.f4 Nd7 15.Be3 Nf6
16.Bf3 O-O 17.Qc3 Rac8 18.Kg2 Rfd8 19.Rad1 c5 20.b3 Ne8 21.d5 exd5 22.Rxd5 Be7
23.Rfd1 Nf6 24.R5d2 Rxd2+ 25.Rxd2 Rd8 26.g4 Rxd2+ 27.Qxd2 Qd6 28.Qxd6 Bxd6
29.g5 Ne8 30.h4 f5 31.gxf6 Nxf6 32.Bc6 Kf7 33.Kf3 Ke6 34.Bb7 Kd7 35.f5 Kc7
36.Be4 Be5 37.Bc2 Kd6 38.Bd1 h6 39.Bd2 Nd7 40.Bf4 Nf6 41.Ke3 Bxf4+ 42.Kxf4 Nd7
43.Be2 Nf6 {#d} 1/2-1/2